000 00978cam a2200265 i 4500
003 SA-RiAUC
005 20250119144421.0
008 250117s1966 ua g 000 0 ara c
040 _aJO-MaAABU
_bara
_cSA-RiAUC
_erda
043 _af-ua---
050 0 4 _bR3864. 1966
082 0 4 _a345.6204
090 _a345.6204
_b ع ب ي
100 1 _aعبيد، رؤوف،
_dتوفي 1989
_eمؤلف.
245 1 2 _aالسببية في القانون الجنائي :
_bدراسة تحليليلة مقارنة /
_cرؤوف عبيد.
264 1 _aالقاهرة :
_bنهضة مصر،
_c1966
300 _a368 صفحة؛
_c24 سم.
336 _aنص
_btxt
_2rdacontent
_3كتاب
337 _aبدون وسيط
_bn
_2rdamedia
338 _aمجلد
_bnc
_2rdacarrier
650 7 _aالسببية (قانون جنائي)
_zمصر
_2aucsh
650 7 _aالمسئولية الجنائية
_zمصر
_2aucsh
942 _2ddc
_cBOOK
_n0
949 _aSA-JeALM
_d250117
_umohamedma123
_n1
999 _c4993
_d4993